Lao People's Democratic Republic : Selected Issues and Statistical Appendix.

Progress in fiscal reforms, especially with regard to revenue mobilization, will require a broader reform of center-province fiscal relations in Lao People's Democratic Republic. There are challenges ahead to restructure the state-owned commercial banks (SCB) and strengthen the banking system....

Ausführliche Beschreibung

Bibliographische Detailangaben
Körperschaft: International Monetary Fund
Format: Zeitschrift
Sprache:English
Veröffentlicht: Washington, D.C. : International Monetary Fund, 2006.
Schriftenreihe:IMF Staff Country Reports; Country Report ; No. 2006/398
Online Zugang:Full text available on IMF
LEADER 01666cas a2200241 a 4500
001 AALejournalIMF004590
008 230101c9999 xx r poo 0 0eng d
020 |c 5.00 USD 
020 |z 9781451822557 
022 |a 1934-7685 
040 |a BD-DhAAL  |c BD-DhAAL 
110 2 |a International Monetary Fund. 
245 1 0 |a Lao People's Democratic Republic :   |b Selected Issues and Statistical Appendix. 
264 1 |a Washington, D.C. :  |b International Monetary Fund,  |c 2006. 
300 |a 1 online resource (54 pages) 
490 1 |a IMF Staff Country Reports 
500 |a <strong>Off-Campus Access:</strong> No User ID or Password Required 
500 |a <strong>On-Campus Access:</strong> No User ID or Password Required 
506 |a Electronic access restricted to authorized BRAC University faculty, staff and students 
520 3 |a Progress in fiscal reforms, especially with regard to revenue mobilization, will require a broader reform of center-province fiscal relations in Lao People's Democratic Republic. There are challenges ahead to restructure the state-owned commercial banks (SCB) and strengthen the banking system. Corporate governance of SCBs is still weak, hampered by the absence of a fully independent board of directors. The international advisors should continue to play an important role in the bank restructuring process. The note presents statistical data on economic indices of Lao People's Democratic Republic. 
538 |a Mode of access: Internet 
830 0 |a IMF Staff Country Reports; Country Report ;  |v No. 2006/398 
856 4 0 |z Full text available on IMF  |u http://elibrary.imf.org/view/journals/002/2006/398/002.2006.issue-398-en.xml  |z IMF e-Library